Normal view
MARC view
- القانون الدولي
Entry Topical Term
001 - CONTROL NUMBER
- control field: 31213
003 - CONTROL NUMBER IDENTIFIER
- control field: JO-AjAnu
005 - DATE AND TIME OF LATEST TRANSACTION
- control field: 20230606075246.0
008 - FIXED-LENGTH DATA ELEMENTS
- fixed length control field: 230606|| aca||aabn | a|a d
040 ## - CATALOGING SOURCE
- Original cataloging agency: JO-AjAnu
- Transcribing agency: JO-AjAnu
150 ## - HEADING--TOPICAL TERM
- Topical term or geographic name entry element: القانون الدولي
670 ## - SOURCE DATA FOUND
- Source citation: Work cat.: (JO-AjAnu)16028: الفتلاوي ، سهيل حسين ، حوامدة ، غالب عواد , author 31212, القانون الدولي العام الجزء الأول - مبادئ القانون الدولي العام